| 000 | 02163nam a2200361 i 4500 | ||
|---|---|---|---|
| 999 |
_c65560 _d65560 |
||
| 001 | 768714001 | ||
| 003 | CO-MdFUSB | ||
| 005 | 20200827095125.0 | ||
| 007 | ta | ||
| 008 | 200330t2010 maua|||| |||| 00| 0 eng d | ||
| 020 | _a9781565635227 | ||
| 040 |
_aCO-MdFUSB _bspa _cCO-MdFUSB _dCO-MdFUSBC _erda |
||
| 041 | _aeng | ||
| 082 |
_223 _a270 _bG643 |
||
| 100 | 1 |
_aGonzález, Justo L., _d1937- _eautor |
|
| 245 | 1 |
_aStory of christianity : _bThe early church to the present day. _c/ Justo González |
|
| 264 | 1 |
_aEstados Unidos : _bPrince Press, _c[2010] |
|
| 264 | 4 | _c© 2010 | |
| 300 |
_a419 páginas _c; 24 cm |
||
| 336 |
_2rdacontent _atexto _btxt |
||
| 337 |
_2rdamedia _asin mediación _bn |
||
| 338 |
_2rdacarrier _avolumen _bnc |
||
| 500 | _aColección Dawn Christina Harrell | ||
| 505 | _aParte 1: La iglesia primitiva: La plenitud del tiempo. -- La iglesia de Jerusalén. -- Misión a los gentiles. -- Primero conflictos con el estado. -- Persecución en el siglo II. -- La defensa de la fe. -- El depósito de la fe. -- Los maestros de la iglesia. -- Persecución en el siglo III. -- Vida cristiana. -- La gran persecución y la victoria final. | ||
| 505 | _aParte 2: La iglesia imperial: Constantino. -- Teología oficial: Eusebio de Cesarea. -- La relación monástica. -- La reacción cismática: el donatismo. -- La controversia ariana y el concilio de Nicea. -- La reacción pagana: Julián el apóstata. -- Atanasio de Alejandría. Los grandes Capadocios. -- Ambrosio de Milán. -- Juan Crisóstomo. -- Jerome. -- Agustín de Hipona. -- El fin de una era. | ||
| 505 | _aParte 3: El cristianismo medieval: el nuevo orden. -- Cristianismo oriental. -- Restauración imperial y decadencia continua. -- Movimientos de Renovación. -- La ofensiva contra el Islam. -- la edad de oro del cristianismo medieval. -- El colapso. -- En busca de una reforma. -- Renacimiento y humanismo. | ||
| 505 | _aParte 4:Los inicios del cristianismo colonial: España y el nuevo mundo. -- La empresa portuguesa. | ||
| 563 | _aRústico | ||
| 650 | 0 |
_9153 _aHistoria de la Iglesia |
|
| 942 | _cBK | ||
| 945 |
_aJTF-925 _bAEM-53 |
||